Reseña Histórica de la Iglesia Evangélica Peruana - Cusco / (Record no. 23185)

000 -CABECERA
fixed length control field 00870nam a22002177i 4500
003 - IDENTIFICADOR DEL NÚMERO DE CONTROL
control field AR-CdUCM
008 - DATOS DE LONGITUD FIJA--INFORMACIÓN GENERAL
fixed length control field 250122b20212021 pe||||| |||| 00| 0 spa d
020 ## - NÚMERO INTERNACIONAL ESTÁNDAR DEL LIBRO
ISBN 978-612-00-7309-4
040 ## - FUENTE DE LA CATALOGACIÓN
Agencia/entidad que catalogó originalmente la obra MUNICIPALIDAD PROVINCIAL DEL CUSCO
Entidad que transcribió la catalogación BIBLIOTECA MUNICIPAL DEL CUSCO
082 ## - NÚMERO DE LA CLASIFICACIÓN DECIMAL DEWEY
No. de Clasificación 280.40985 / A43
Notacion interna A43
100 ## - ENTRADA PRINCIPAL--NOMBRE DE PERSONA
Nombre Personal Allauca Poblete, Moisés Felipe
245 ## - MENCIÓN DE TÍTULO
Título Reseña Histórica de la Iglesia Evangélica Peruana - Cusco /
260 ## - PUBLICACIÓN, DISTRIBUCIÓN, ETC.
Lugar de publicación, distribución, etc. Cusco :
Nombre de la editorial, distribuidor, etc. Autor-Editor
Fecha de publicación, distribución, etc. 2021
300 ## - DESCRIPCIÓN FÍSICA
Nº de Páginas Extensión 109 páginas. :
Dimensiones 21x15 cm.
505 ## - NOTA DE CONTENIDO CON FORMATO
Nota de contenido formateada Corrientes Liberales y el Evangelio -- Establecimiento de la Iglesia Evangélica Peruana -- Crecimiento y desarrollo de la Iglesia Evangélica en Cusco -- Representantes anta la misión EUSA
650 ## - PUNTO DE ACCESO ADICIONAL DE MATERIA--TÉRMINO DE MATERIA
Descriptor Iglesia Evangélica
9 (RLIN) 50947
650 ## - PUNTO DE ACCESO ADICIONAL DE MATERIA--TÉRMINO DE MATERIA
Descriptor Misioneros
9 (RLIN) 30792
942 ## - ELEMENTOS DE PUNTO DE ACCESO ADICIONAL (KOHA)
Fuente de clasificación
Tipo de item Libros-BMC
945 ## - PROCESAMIENTO DE INFORMACIÓN LOCAL (OCLC)
Catalogador pbjr
AAAA-MM-DD - Fecha de ingreso o modificacion 22-01-2025
Holdings
Estado de retiro (separado) Fuente de clasificación o esquema de estanterías Estado dañado Ubicación Sala donde se ubica Nombre de la colección Fecha de adquisición o compra Fuente de adquisición Costo, precio normal en soles Signatura topográfica Código de Barras Última vez visto (Koha) Tipo de ítem (Koha)
No     Sala Humanidades Sala Humanidades Book Cart 2025-01-22 Depósito legal 10.00 280.40985 / A43 SH0000016895 2025-01-22 Libros-BMC

Powered by Koha